000 00438nam a22001817a 4500
003 MPLRDC
005 20220104144149.0
008 210129b ||||| |||| 00| 0 eng d
082 _a848.1 MD-2 c.2
100 _a茅盾著
245 _a林家铺子
_c
250 _a初版
260 _a
_b香港上海书局
_c1961
300 _b
490 _a中国文学名著小丛书
650 _a现代别集
942 _cBK
_o848.1 MD-2 c.2
999 _c46992
_d46982